Statistiques concernant Paroles - "Que je t'aime" - Johnny Hallyday (case jaune)

Cliquez ici pour prendre le quiz!

Statistiques générales

  • Ce quiz a été pris 81 fois
  • Le résultat moyen est 79 sur 177

Statistiques - réponses

Paroles% Correct
Quand
100%
tes
91%
cheveux
88%
étalent
88%
s'
88%
un
86%
Comme
85%
d'
85%
Et
85%
été
85%
soleil
85%
que
83%
ton
83%
aux
82%
blé
82%
champs
82%
de
82%
oreiller
82%
ressemble
82%
Quand
80%
l'
77%
et
75%
la
75%
lumière
75%
ombre
75%
au
74%
Des
72%
des
72%
des
72%
Et
72%
îles
72%
Quand
72%
corps
71%
Dessinent
71%
forêts
71%
sur
71%
ton
71%
trésor
71%
montagnes
69%
Quand
66%
corps
54%
douce
54%
fait
54%
Quand
54%
Quand
54%
se
54%
ta
54%
ton
54%
bouche
52%
fait
52%
le
52%
Quand
52%
se
52%
dur
51%
tes
51%
Quand
49%
Quand
49%
Quand
48%
tes
48%
ciel
46%
coup
46%
D'
46%
dans
46%
est
46%
n'
46%
plus
46%
pur
46%
seul
46%
un
46%
yeux
46%
on
40%
a
38%
amour
38%
autres
38%
d'
38%
fait
38%
font
38%
guerre
38%
l'
38%
la
38%
c'
37%
est
37%
moi
37%
Quand
37%
qui
37%
Qui
37%
et
35%
le
35%
soldat
35%
meurt
34%
cheval
32%
Comme
32%
Comme
32%
corps
32%
corps
32%
encore
32%
existe
32%
il
32%
lourd
32%
mon
32%
mort
32%
ne
32%
ne
32%
pas
32%
plus
32%
S'
32%
sait
32%
sait
32%
sur
32%
ton
32%
ton
32%
un
32%
D'
31%
dit
31%
la
31%
non
31%
petite
31%
Quand
31%
qui
31%
ta
31%
toute
31%
une
31%
voix
31%
à
29%
c'
29%
c'
29%
dis
29%
dis
29%
doigts
29%
est
29%
est
29%
moi
29%
n'
29%
non
29%
osent
29%
oui
29%
pas
29%
pudeur
29%
qui
29%
tes
29%
toi
29%
Tu
29%
appel
28%
bien
28%
brises
28%
chaînes
28%
chatte
28%
chienne
28%
deviens
28%
du
28%
enfin
28%
Et
28%
Et
28%
l'
28%
loup
28%
perd
28%
plus
28%
qu'
28%
Quand
28%
Quand
28%
que
28%
tes
28%
tu
28%
cri
26%
dans
26%
finit
26%
premier
26%
Quand
26%
Se
26%
soupir
26%
un
26%
sens
25%
te
22%
n'
17%
mains
14%
voudraient
11%
tu
5%

Distribution des résultats

Percentile par nombre de réponses

% des personnes avec chaque résultat

Votre développement - résultats

Vous n’avez pas pris ce quiz